[Event "South Wales op 20th"]
[Site "Bridgend"]
[Date "2025.07.08"]
[Round "8"]
[White "Rudd, Jack"]
[Black "Byron, Alan M"]
[Result "1-0"]
[WhiteElo "2247"]
[BlackElo "2040"]
[PlyCount "77"]
[EventDate "2025.07.04"]
[EventType "swiss"]
[EventRounds "9"]
[EventCountry "WLS"]
[SourceTitle "CB29_2025"]
[SourceDate "2025.07.16"]
[SourceVersion "1"]
[SourceVersionDate "2025.07.16"]
[SourceQuality "1"]

1. d4 Nf6 2. c4 e6 3. Nf3 d5 4. cxd5 exd5 5. Nc3 c6 6. Bg5 h6 7. Bh4 Bf5 8. e3 Nbd7 9. Bd3 Bxd3 10. Qxd3 Bd6 11. 0-0 0-0 12. Rab1 a5 13. a3 a4 14. Rfc1 Re8 15. Qc2 Qa5 16. b4 axb3 17. Rxb3 Ra7 18. Bg3 Bxg3 19. hxg3 Qd8 20. Rcb1 Qa8 21. a4 Rb8 22. Nh4 Ne4 23. Nxe4 dxe4 24. Nf5 Rxa4 25. Qxe4 Ra1 26. Qg4 g6 27. Ne7+ Kf8 28. Qxd7 Qa2 29. Rxa1 Qxa1+ 30. Kh2 Qd1 31. Nxc6 Qxb3 32. Nxb8 Qd1 33. g4 Qe2 34. Kg3 h5 35. gxh5 Qxh5 36. Qd8+ Kg7 37. Nd7 Qf5 38. e4 Qe6 39. d5 1-0

[Event "South Wales op 20th"]
[Site "Bridgend"]
[Date "2025.07.06"]
[Round "4"]
[White "Balaji, Aaravamudhan"]
[Black "Rudd, Jack"]
[Result "1-0"]
[WhiteElo "2351"]
[BlackElo "2247"]
[PlyCount "87"]
[EventDate "2025.07.04"]
[EventType "swiss"]
[EventRounds "9"]
[EventCountry "WLS"]
[SourceTitle "CB29_2025"]
[SourceDate "2025.07.16"]
[SourceVersion "1"]
[SourceVersionDate "2025.07.16"]
[SourceQuality "1"]

1. d4 Nf6 2. c4 g6 3. Nc3 d5 4. cxd5 Nxd5 5. e4 Nxc3 6. bxc3 Bg7 7. Bc4 0-0 8. Ne2 c5 9. 0-0 Nc6 10. Be3 b6 11. h4 Qc7 12. Rc1 Bb7 13. h5 Rad8 14. h6 Bf6 15. f4 e6 16. Qe1 Na5 17. Bd3 Rfe8 18. Bf2 Be7 19. Be3 f5 20. Bb5 Bc6 21. c4 Bxb5 22. cxb5 Qb7 23. dxc5 Qxe4 24. Qc3 Bf8 25. Ng3 Qb7 26. c6 Qc7 27. Bd4 Rd5 28. Be5 Qc8 29. Bg7 Bc5+ 30. Kh2 Qc7 31. Be5 Qe7 32. Bf6 Qf8 33. Bg7 Qe7 34. Bf6 Qf8 35. Bg5 Bd4 36. Qf3 Qd6 37. Rfd1 Kf7 38. a4 Bc5 39. Rxd5 exd5 40. Rd1 d4 41. Rc1 Re3 42. c7 Rxf3 43. c8Q Rxf4 44. Qh8 1-0

[Event "South Wales op 20th"]
[Site "Bridgend"]
[Date "2025.07.04"]
[Round "1"]
[White "Kong, Emma Zihan"]
[Black "Rudd, Jack"]
[Result "0-1"]
[WhiteElo "1797"]
[BlackElo "2247"]
[PlyCount "74"]
[EventDate "2025.07.04"]
[EventType "swiss"]
[EventRounds "9"]
[EventCountry "WLS"]
[SourceTitle "CB29_2025"]
[SourceDate "2025.07.16"]
[SourceVersion "1"]
[SourceVersionDate "2025.07.16"]
[SourceQuality "1"]

1. d4 Nf6 2. c4 e6 3. g3 c5 4. d5 exd5 5. cxd5 d6 6. Nc3 g6 7. e4 Bg7 8. Bg2 0-0 9. Nge2 a6 10. a4 Nbd7 11. Nf4 Rb8 12. a5 Ne5 13. Nd3 Nfg4 14. f4 Nxd3+ 15. Qxd3 Bd4 16. Nd1 f5 17. h3 fxe4 18. Qb3 Nh6 19. Be3 Nf5 20. Bxd4 Nxd4 21. Qc3 b5 22. b4 Qf6 23. Ra2 Bb7 24. bxc5 b4 25. Qc4 dxc5 26. 0-0 Nf5 27. Kh2 Rbc8 28. Rd2 Nd6 29. Qb3 Qd8 30. Re1 Qxa5 31. Bxe4 c4 32. Qb1 b3 33. Rde2 Rfe8 34. Bxg6 Rxe2+ 35. Rxe2 Qxd5 36. Bxh7+ Kh8 37. Rg2 Qxg2# 0-1

[Event "South Wales op 20th"]
[Site "Bridgend"]
[Date "2025.07.04"]
[Round "2"]
[White "Rudd, Jack"]
[Black "Roberts, David Llewelyn"]
[Result "1-0"]
[WhiteElo "2247"]
[BlackElo "1988"]
[PlyCount "89"]
[EventDate "2025.07.04"]
[EventType "swiss"]
[EventRounds "9"]
[EventCountry "WLS"]
[SourceTitle "CB29_2025"]
[SourceDate "2025.07.16"]
[SourceVersion "1"]
[SourceVersionDate "2025.07.16"]
[SourceQuality "1"]

1. d4 Nf6 2. c4 e6 3. Nf3 c5 4. d5 exd5 5. cxd5 d6 6. Nc3 g6 7. Qa4+ Nbd7 8. Bf4 Be7 9. e4 0-0 10. Be2 a6 11. 0-0 b5 12. Qc2 Nh5 13. Bh6 Re8 14. a4 b4 15. Nd1 Ndf6 16. Nd2 Ng4 17. Bxg4 Bxg4 18. Ne3 Bc8 19. Ndc4 a5 20. Rad1 Ba6 21. Rfe1 b3 22. Qc1 Bf6 23. g4 Ng7 24. f3 Rb8 25. Bf4 Bxc4 26. Nxc4 Be5 27. Bxe5 dxe5 28. Qc3 Rb4 29. Nxe5 Qf6 30. Nd7 Qxc3 31. bxc3 Rxa4 32. Nf6+ Kf8 33. Nxe8 Kxe8 34. Ra1 Rc4 35. Rxa5 Rxc3 36. Ra8+ Ke7 37. Ra7+ Ke8 38. Rb7 c4 39. Ra1 Kf8 40. Ra8+ Ne8 41. d6 Rd3 42. d7 Rxd7 43. Rxd7 b2 44. Rb7 c3 45. Rc8 1-0

[Event "London Classic Superblitz Gp-A"]
[Site "London"]
[Date "2024.12.07"]
[Round "6"]
[White "Gasanov, Eldar"]
[Black "Rudd, Jack"]
[Result "1-0"]
[WhiteElo "2476"]
[BlackElo "2230"]
[PlyCount "43"]
[EventDate "2024.12.07"]
[EventType "tourn (blitz)"]
[EventRounds "7"]
[EventCountry "ENG"]
[EventCategory "10"]
[SourceTitle "CB04_2025"]
[SourceDate "2025.01.22"]
[SourceVersion "1"]
[SourceVersionDate "2025.01.22"]
[SourceQuality "1"]

1. d4 Nf6 2. c4 g6 3. Nc3 Bg7 4. Bg5 0-0 5. e4 d6 6. Qd2 Re8 7. Bd3 c5 8. d5 e6 9. Nge2 exd5 10. cxd5 Nbd7 11. 0-0 Ne5 12. Bc2 a6 13. a4 Rb8 14. f4 Nc4 15. Qc1 h6 16. Bh4 g5 17. fxg5 Ng4 18. g6 Qxh4 19. gxf7+ Kf8 20. fxe8Q+ Kxe8 21. Qf4 Be5 22. Qf8+ 1-0

[Event "London Classic Superblitz Gp-A"]
[Site "London"]
[Date "2024.12.07"]
[Round "1"]
[White "Harvey, Marcus Ross"]
[Black "Rudd, Jack"]
[Result "1-0"]
[WhiteElo "2494"]
[BlackElo "2230"]
[PlyCount "75"]
[EventDate "2024.12.07"]
[EventType "tourn (blitz)"]
[EventRounds "7"]
[EventCountry "ENG"]
[EventCategory "10"]
[SourceTitle "CB04_2025"]
[SourceDate "2025.01.22"]
[SourceVersion "1"]
[SourceVersionDate "2025.01.22"]
[SourceQuality "1"]

1. Nf3 Nf6 2. b3 g6 3. Bb2 Bg7 4. g3 b6 5. Bg2 Bb7 6. 0-0 0-0 7. c4 c5 8. d4 cxd4 9. Qxd4 Nc6 10. Qd3 d6 11. Nc3 Qc8 12. Rfd1 Rd8 13. Rac1 Qf5 14. Qxf5 gxf5 15. Nh4 e6 16. Nb5 Ne8 17. Ba3 Bf8 18. Rd2 a6 19. Nc3 Na5 20. Rcd1 Bxg2 21. Nxg2 Nb7 22. Nf4 Nc5 23. Nh5 Rab8 24. Bxc5 bxc5 25. e4 fxe4 26. Nxe4 Rdc8 27. Nhf6+ Nxf6 28. Nxf6+ Kg7 29. Nd7 Rb4 30. Nxf8 Kxf8 31. Rxd6 a5 32. Rd7 a4 33. R1d3 axb3 34. axb3 Rcb8 35. Rf3 f5 36. Rxh7 Rxb3 37. Rxb3 Rxb3 38. Rc7 1-0

[Event "London Classic Superblitz Gp-A"]
[Site "London"]
[Date "2024.12.07"]
[Round "2"]
[White "Rudd, Jack"]
[Black "McPhillips, Joseph"]
[Result "1-0"]
[WhiteElo "2230"]
[BlackElo "2388"]
[PlyCount "135"]
[EventDate "2024.12.07"]
[EventType "tourn (blitz)"]
[EventRounds "7"]
[EventCountry "ENG"]
[EventCategory "10"]
[SourceTitle "CB04_2025"]
[SourceDate "2025.01.22"]
[SourceVersion "1"]
[SourceVersionDate "2025.01.22"]
[SourceQuality "1"]

1. d4 Nf6 2. c4 e6 3. Nf3 b6 4. g3 Ba6 5. b3 Bb7 6. Bg2 Bb4+ 7. Bd2 a5 8. 0-0 0-0 9. Nc3 Ne4 10. Nxe4 Bxe4 11. a3 Be7 12. Bc3 d5 13. cxd5 exd5 14. e3 Nd7 15. Bh3 Bf6 16. Nd2 Bd3 17. Re1 c5 18. Nf3 Be4 19. Rc1 cxd4 20. Bxd4 Nc5 21. Bxc5 bxc5 22. Rxc5 Qb6 23. Rxd5 Bxd5 24. Qxd5 Rfd8 25. Qc4 Rab8 26. Rb1 Qd6 27. b4 Qd3 28. Qa2 axb4 29. axb4 Rb7 30. Bf1 Qe4 31. Ne1 Rxb4 32. Rxb4 Qxb4 33. Nd3 Qc3 34. Nf4 Qc5 35. Bc4 Qf8 36. Bd5 g6 37. Kg2 Kg7 38. h4 Rd6 39. Bf3 Qc8 40. h5 g5 41. Nd5 g4 42. Be4 Qe6 43. Qc4 Qe5 44. Nf4 Bg5 45. Ne2 Bh6 46. Bb1 Qxh5 47. Qc3+ Rf6 48. Nd4 Qd5+ 49. Kg1 Kg8 50. Qc2 Rg6 51. Ba2 Qd8 52. Qf5 Qf6 53. Qc8+ Bf8 54. Bc4 Rg5 55. Bb3 h5 56. Bc2 Rc5 57. Qa8 Kg7 58. Qe4 Qg6 59. Nf5+ Kg8 60. Ne7+ Bxe7 61. Qa8+ Bf8 62. Bxg6 fxg6 63. Qe8 Kg7 64. Kg2 Rf5 65. e4 Rf7 66. e5 Re7 67. Qb8 Kh6 68. Qxf8+ 1-0

[Event "London Classic op 14th"]
[Site "London"]
[Date "2024.12.02"]
[Round "5"]
[White "Rudd, Jack"]
[Black "Willmoth, Robert"]
[Result "1-0"]
[WhiteElo "2230"]
[BlackElo "2101"]
[PlyCount "73"]
[EventDate "2024.11.29"]
[EventType "swiss"]
[EventRounds "9"]
[EventCountry "ENG"]
[SourceTitle "CB50_2024"]
[SourceDate "2024.11.01"]
[SourceVersion "1"]
[SourceVersionDate "2024.11.01"]
[SourceQuality "2"]

1. d4 d6 2. e4 Nf6 3. f3 c5 4. d5 e6 5. c4 exd5 6. cxd5 g6 7. Nc3 Bg7 8. Bg5 h6 9. Be3 0-0 10. Qd2 Kh7 11. Bd3 Na6 12. Nge2 Nc7 13. h4 h5 14. Bg5 Qe8 15. 0-0-0 b5 16. Qf4 Ng8 17. Qxd6 c4 18. Bc2 Be5 19. Qc5 Rb8 20. Bf4 Na6 21. Qxa7 b4 22. Ba4 Bxf4+ 23. Nxf4 Qe5 24. Nce2 Qd6 25. Qd4 Nc5 26. Bc6 f6 27. Kb1 Rf7 28. Ne6 Nd3 29. Qxc4 Nf2 30. Be8 Re7 31. Bxg6+ Kxg6 32. Qc2 b3 33. axb3 Kh6 34. N2d4 Bxe6 35. dxe6 Qe5 36. Qxf2 Reb7 37. Nc6 1-0